Quizzes
Events
Quiz Creation
Community
Videos
Private Events
Remove Ads
Sign In
Join for FREE
Feedback
Dark Mode
Quiz Categories
Sports
Geography
Music
Movies
Television
Just For Fun
Miscellaneous
History
Literature
Language
Science
Gaming
Entertainment
Religion
Holiday
For Kids
Quiz Lab
Recent
Popular Today
Quiz Kudos Today
Editor Picks
Curator Picks
Quizzes by...
Day
Popularity
Type
Ratings
Length
Year
Community
Subscriptions
Recent Discussions
Orange Saloon
Badges
Playlists
Quests
Create
Leaderboards
Showdown
Live 5
Trivia Bingo
Activity
Puzzle Library
Sporcle Events
Private Events
Virtual Trivia
Globe League
Become a Host
Pub Owners
SporcleCon
Opinionation
Our Games
Videos
Blog
Mobile Apps
Partnerships
Remove Ads and Go Orange
Feedback
Geography
Country
Landmarks
City
State
Population
World
Capital
Continent
Flags
Europe
Africa
Asia
South America
North America
Oceania
Border
Canada
United Kingdom
Topography
United States
Geography
Country
Landmarks
City
State
Population
World
Capital
Continent
Flags
Europe
Africa
Asia
South America
North America
Oceania
Border
Canada
United Kingdom
Topography
United States
Random Quiz
Search Sporcle
×
Quiz Lab
Quiz Lab
Geography
Country
Type in answers that appear in a list
Type in answers that appear in a list
Classic
Best Score? Go Orange.
Alphabetical Countries Stats
Can you name the Alphabetical Countries?
By
milchard26
8m
195 Questions
68 Plays
68 Plays
68 Plays
Comments
Comments
Give Quiz Kudos
Give Quiz Kudos
-
- Ratings
hide this ad
Replay
Link that replays current quiz
Next Quiz
Link to next quiz in quiz playlist
You Got
0%
They Got
Avg Score
64%
Avg Friend Score
Upgrade to see
Score Distribution
Jump to the score distribution portion of the page
Score
0/195
Timer
08:00
0
Plays Today
Letter
Country
% Correct
F
France
85.3%
A
Albania
83.8%
A
Afghanistan
82.4%
A
Australia
82.4%
B
Belgium
80.9%
F
Finland
80.9%
Y
Yemen
80.9%
A
Andorra
79.4%
A
Austria
79.4%
I
India
79.4%
U
United Kingdom
79.4%
B
Brazil
77.9%
D
Denmark
77.9%
G
Germany
77.9%
H
Haiti
77.9%
H
Hungary
77.9%
I
Ireland
77.9%
R
Romania
77.9%
U
United States
77.9%
C
Chile
76.5%
C
China
76.5%
E
Egypt
76.5%
I
Iceland
76.5%
I
Indonesia
76.5%
I
Iran
76.5%
I
Iraq
76.5%
J
Jamaica
76.5%
A
Angola
75%
A
Argentina
75%
A
Azerbaijan
75%
C
Canada
75%
C
Democratic Republic of Congo
75%
J
Japan
75%
O
Oman
75%
P
Portugal
75%
S
Sweden
75%
A
Armenia
73.5%
I
Italy
73.5%
L
Libya
73.5%
A
Algeria
72.1%
C
Cuba
72.1%
E
Estonia
72.1%
G
Greece
72.1%
N
New Zealand
72.1%
N
Norway
72.1%
R
Russian Federation
72.1%
S
Spain
72.1%
V
Venezuela
72.1%
A
Antigua and Barbuda
70.6%
H
Honduras
70.6%
I
Israel
70.6%
J
Jordan
70.6%
L
Latvia
70.6%
L
Lithuania
70.6%
N
Netherlands
70.6%
P
Poland
70.6%
Q
Qatar
70.6%
U
United Arab Emirates
70.6%
Z
Zambia
70.6%
Z
Zimbabwe
70.6%
B
Bolivia
69.1%
C
Cyprus
69.1%
F
Fiji
69.1%
K
North Korea
69.1%
K
South Korea
69.1%
Letter
Country
% Correct
L
Liechtenstein
69.1%
L
Luxembourg
69.1%
M
Mali
69.1%
B
Benin
67.6%
B
Bulgaria
67.6%
C
Chad
67.6%
C
Czech Republic
67.6%
G
Guyana
67.6%
M
Morocco
67.6%
P
Peru
67.6%
S
South Africa
67.6%
S
Switzerland
67.6%
B
Bahrain
66.2%
B
Belarus
66.2%
C
Croatia
66.2%
D
Djibouti
66.2%
E
Ethiopia
66.2%
G
Guinea
66.2%
K
Kenya
66.2%
L
Lesotho
66.2%
M
Mexico
66.2%
M
Monaco
66.2%
M
Montenegro
66.2%
T
Turkey
66.2%
B
Belize
64.7%
C
Cambodia
64.7%
C
Costa Rica
64.7%
G
Guatemala
64.7%
L
Laos
64.7%
N
Niger
64.7%
S
Slovakia
64.7%
S
Syria
64.7%
B
Bahamas
63.2%
B
Bosnia and Herzegovina
63.2%
C
Central African Republic
63.2%
C
Colombia
63.2%
D
Dominica
63.2%
E
Ecuador
63.2%
E
Eritrea
63.2%
G
Ghana
63.2%
K
Kyrgyzstan
63.2%
M
Macedonia
63.2%
M
Madagascar
63.2%
P
Pakistan
63.2%
S
San Marino
63.2%
S
Swaziland
63.2%
V
Vietnam
63.2%
B
Barbados
61.8%
B
Botswana
61.8%
C
Cameroon
61.8%
D
Dominican Republic
61.8%
E
El Salvador
61.8%
G
Gabon
61.8%
K
Kiribati
61.8%
K
Kuwait
61.8%
L
Lebanon
61.8%
M
Malawi
61.8%
M
Maldives
61.8%
M
Malta
61.8%
M
Moldova
61.8%
N
Nigeria
61.8%
P
Palau
61.8%
P
Paraguay
61.8%
P
Philippines
61.8%
S
Slovenia
61.8%
Letter
Country
% Correct
V
Vatican City
61.8%
B
Bhutan
60.3%
B
Burundi
60.3%
C
Comoros
60.3%
G
Grenada
60.3%
M
Malaysia
60.3%
M
Federated States of Micronesia
60.3%
N
Nauru
60.3%
N
Nepal
60.3%
P
Papua New Guinea
60.3%
S
Saudi Arabia
60.3%
S
Sudan
60.3%
T
Turkmenistan
60.3%
U
Ukraine
60.3%
U
Uruguay
60.3%
B
Bangladesh
58.8%
G
Gambia
58.8%
M
Mongolia
58.8%
N
Nicaragua
58.8%
P
Panama
58.8%
S
St Lucia
58.8%
B
Burkina Faso
57.4%
C
Cote d'Ivoire
57.4%
G
Georgia
57.4%
K
Kazakhstan
57.4%
L
Liberia
57.4%
M
Mauritania
57.4%
M
Mauritius
57.4%
R
Rwanda
57.4%
S
Serbia
57.4%
S
Suriname
57.4%
T
Tajikistan
57.4%
T
Tunisia
57.4%
U
Uganda
57.4%
U
Uzbekistan
57.4%
C
Cape Verde
55.9%
M
Marshall Islands
55.9%
T
Thailand
55.9%
T
Togo
55.9%
G
Guinea-Bissau
54.4%
V
Vanuatu
54.4%
B
Brunei
52.9%
E
Equatorial Guinea
52.9%
S
Samoa
52.9%
S
Somalia
52.9%
T
Tonga
52.9%
T
Trinidad and Tobago
52.9%
S
St Kitts and Nevis
51.5%
S
Sao Tome and Principe
51.5%
S
Singapore
51.5%
T
Tuvalu
51.5%
K
Kosovo
51.5%
S
St Vincent and the Grenadines
50%
S
Sri Lanka
50%
M
Mozambique
48.5%
S
Solomon Islands
48.5%
T
Tanzania
48.5%
B
Burma or Myanmar
47.1%
E
Timor Leste
47.1%
N
Namibia
45.6%
S
Seychelles
45.6%
S
Sierra Leone
41.2%
S
Senegal
33.8%
C
Republic of Congo
27.9%
T
Taiwan
13.2%
Quiz Playlist
Details
Report
Send in Message
Add To Playlist
Classic:
Type in answers that appear in a list
Last Updated: Feb 16, 2017
Quiz Scoreboard
CHALLENGE
Sign Up to Join the Scoreboard
Show All
Scores
Hide
Comments
May contain spoilers
Recently Published
Billboard Blitz: Fleetwood Mac
by CooCooCachoo
Music
15s
Presidents Visiting Landmarks
by Hejman
History
7m
An Introduction to Baseball
by treessimontrees
Sports
5m
More to Explore
Quiz From the Vault
Featured Blog Post
Where Did the Easter Bunny Come From?
hide this ad
You Might Also Like...
Tags
Country Quiz
Letter Quiz
Alphabetical
Today's Top Quizzes in Geography
Browse Geography
hide this ad
Today's Top Quizzes in Country
Browse Country
Top Contributed Quizzes in Geography
1
Countries of the World - No Outlines Minefield
2
Top 25 Cities of France on a map
3
Any capital of a 'B' country per Continent
4
Any capital of a 'C' country per Continent
5
Closest Countries to UK A-Z
6
Any capital of a 'D' country per Continent
7
5-to-1: US Geography No Hints
8
One Thing in Common: United Kingdom
9
Any capital of an 'E' country per Continent
10
Any capital of an 'F' country per Continent
Explore More
Trending Topics
Disney
Harry Potter
Anime
NBA
Marvel
Crossword
Kpop
Pokémon
Soccer
Country
NFL
The Office
WWE
Song
Puzzle
hide this ad
More By:
milchard26
Quiz
Plays
Rating
Category
Featured
Created
Guess The Animal Quiz (For Kids)
2,030
2.44
Just For Fun
Aug 14, 2010
Sean Kingston - Beautiful Girls Lyrics
946
3.11
Music
Jan 16, 2011
Animal Anagrams
521
2.42
Holiday
Aug 16, 2010
household items (for Kids)
473
2.75
Miscellaneous
Jul 11, 2010
Valentines Day Word Ladder: love to Rose
423
3.30
Holiday
Feb 15, 2011
Go to Creator's Profile
Score Distribution
Quiz Creator Spotlight
milchard26
Follow
Send a Message
Quizzes Created
-
Created Quiz Play Count
-
More By This Creator
Popular Quizzes Today
1
Find the US States - No Outlines Minefield
2
Find the Countries of Europe - No Outlines Minefield
3
The Countries of the World
4
Find the US States
5
US States
6
Risky Map Clicking: Biggest States A-Z
7
Popular People in 1961
8
Movies - When Are They Set?
More Geography Quizzes
10 States: Highest Per Capita Alcohol Consumption
Quiz Lab
Trending Quizzes
Risky Map Clicking: Least Populous States A-Z
1-10 Letter G Words
1-10 Letter F Words
Risky Map Clicking: Next State Alphabetically
Risky Map Clicking: Biggest States A-Z
Recently Updated
Leaping Animals
pecheneg
Reality TV Shows (A-Z)
bhenderson79
Rickey Henderson's Hall of Fame Teammates
pecheneg
Champions League XIs: Arsenal
pecheneg
Quick Pick: Celebrities in WWE's Hall of Fame
aduchscher
A-Z Keypad Blitz II
pecheneg
Multiple Oscar Actors
pecheneg
Mystery Phrase Blitz: Oscar 'Best Actors'
pecheneg
F. Scott Fitzgerald Novels
LTH
Pick 3 Villains
ddd62291
Trending Topics
Anime
Marvel
Kpop
Harry Potter
NBA
Disney
Crossword
Country
WWE
Soccer
The Office
Song
NFL
Puzzle
Pokémon
Your Account Isn't Verified!
In order to create a playlist on Sporcle, you need to verify the email address you used during registration. Go to your
Sporcle Settings
to finish the process.
Report this User
Report this user for behavior that violates our
Community Guidelines
.
Details:
Send Report
Go to the Sporcle.com Mobile Site →
Comments